Normal view
MARC view
- Nair R.R
Entry Personal Name
001 - CONTROL NUMBER
- control field: 96511
003 - CONTROL NUMBER IDENTIFIER
- control field: OSt
005 - DATE AND TIME OF LATEST TRANSACTION
- control field: 20221007214120.0
008 - FIXED-LENGTH DATA ELEMENTS
- fixed length control field: 221007|| aca||aabn | a|a d
040 ## - CATALOGING SOURCE
- Original cataloging agency: OSt
- Transcribing agency: OSt
100 ## - HEADING--PERSONAL NAME
- Personal name: Nair R.R
670 ## - SOURCE DATA FOUND
- Source citation: Work cat.: (OSt)60916: Rajasekaran K; Nair R R & Nafala K M 96510, Digital Library Basics : A Practical Manual, 2011